Building an equitable world : (Record no. 91285)
[ view plain ]
| 000 -LEADER | |
|---|---|
| fixed length control field | 00566cam a22001691i 4500 |
| 001 - CONTROL NUMBER | |
| control field | tmp96031104 |
| 003 - CONTROL NUMBER IDENTIFIER | |
| control field | DLC |
| 005 - DATE AND TIME OF LATEST TRANSACTION | |
| control field | 20260227112757.0 |
| 008 - FIXED-LENGTH DATA ELEMENTS--GENERAL INFORMATION | |
| fixed length control field | 120918s2000 dcuc 000 0 eng |
| 010 ## - LIBRARY OF CONGRESS CONTROL NUMBER | |
| LC control number | tmp96031104 |
| 040 ## - CATALOGING SOURCE | |
| Original cataloging agency | DLC |
| Transcribing agency | DLC |
| Modifying agency | DLC |
| 050 00 - LIBRARY OF CONGRESS CALL NUMBER | |
| Classification number | HC79.P6 |
| Item number | W65 2000 |
| 100 1# - MAIN ENTRY--PERSONAL NAME | |
| Personal name | Wolfensohn, James D. |
| 245 10 - TITLE STATEMENT | |
| Title | Building an equitable world : |
| Remainder of title | address to the Board of Governors, Prague, Czeck Republic, September 26, 2000 / |
| Statement of responsibility, etc. | James D. Wolfensohn. |
| 260 ## - PUBLICATION, DISTRIBUTION, ETC. | |
| Place of publication, distribution, etc. | Washington DC : |
| Name of publisher, distributor, etc. | The World Bank Group, |
| Date of publication, distribution, etc. | 2000. |
| 300 ## - PHYSICAL DESCRIPTION | |
| Extent | 18 p. : |
| Other physical details | front port. ; |
| Dimensions | 22 cm. |
No items available.